000 00312nam a2200109Ia 4500
008 180219s9999 xx 000 0 und d
020 _a756402018
100 _aZucker, Miriam S.
245 _aMickey zucker reighert the return of night fall /
260 _aUSA :
_bNational Books store
_c2004
300 _a446 pages
999 _c355936
_d355936